• 首页
  • 本馆介绍
  • 公告通知
  • 最新文献
  • 馆藏检索
  • 电子资源
  • 读者导购
  • 参考咨询
  • 我的图书馆
  • 登录
  • 详细信息显示
  • 放入我的书架
  • 预约/预借图书
  • 作者相关作品
  • 分类相关作品
  • 丛书相关作品
  • 出版社相关作品

书目信息

  • 表格格式
  • 工作单格式
  • 卡片格式
题名:
西安
    
 
作者: 张静波
分册:  
出版信息: 西安   陕西人民美术出版社  1984.10
页数: 7页
开本: 24cm
丛书名:
单 册:
中图分类: K294.11
科图分类:
主题词: 中国--地方史 , 中国--地方志
电子资源:
ISBN:
000 00518nam0 2200181 450
001 202411142857729779
005 20241114105356.15
100    @a20241114d km y0chiy0120 ea
101 0  @achi
200 1  @a西安@AXi An@f张静波@FZhang Jing Bo
210    @a西安@c陕西人民美术出版社@d1984.10
215    @a7页@d24cm
606 0  @a中国@x地方史
606 0  @a中国@x地方志
690    @aK294.11@v4
701  0 @a张静波@AZhang Jing Bo
801  0 @aCN@b大连网信软件有限公司图书馆·11@c20241114
905    @aZUCC@b1428857@dK294.11@e659@f1
    
    西安/张静波.-西安:陕西人民美术出版社,1984.10
    7页;24cm
    
    
    ISBN :
    
●
相关链接 在E读中查询图书 在五车中查询图书 在当当中查询图书 在豆瓣中查询图书


正题名:西安     索取号:K294.11/659         预约/预借

序号 登录号 条形码 馆藏地/架位号 状态 备注
1 1428857   214288572   密集书库-资源管理系/ [索取号:K294.11/659] 在馆    
唐山师范学院图书馆 欢迎您!
大连网信软件有限公司© 版权所有